| 000 | 00861nam a2200253 a 4500 | ||
|---|---|---|---|
| 999 |
_c329808 _d329808 |
||
| 001 | 4393051 | ||
| 003 | NUST | ||
| 005 | 20170523122210.0 | ||
| 008 | 911223s1990 pk 000 0 eng | ||
| 010 | _a 91930433 | ||
| 020 | _cRs150.00 | ||
| 040 |
_aDLC _cDLC |
||
| 050 | 0 | 0 |
_aDS392.K64 _bG39 1990 |
| 082 | 0 | 0 |
_a954.912 GAZ _220 |
| 245 | 0 | 0 | _aGazetteer of the Kohat District, 1883-4. |
| 260 |
_aLahore, Pakistan : _bSang-e-meel Publications, _c1990. |
||
| 300 |
_axii, 186 p. ; _c25 cm. |
||
| 500 | _aRunning title: Punjab gazetteer, Kohat District. | ||
| 651 | 0 |
_aKohat District (Pakistan) _91311 |
|
| 740 | 0 | _aPunjab gazetteer, Kohat District. | |
| 906 |
_a7 _bcbc _corignew _d2 _encip _f19 _gy-gencatlg |
||
| 942 |
_2ddc _cBK |
||